[Event "Candidates qf3"]
[Site "Brussels"]
[Date "1991.??.??"]
[Round "3"]
[White "Ivanchuk, Vassily"]
[Black "Jussupow, Artur"]
[Result "1-0"]
[WhiteElo "2735"]
[BlackElo "2625"]
[Annotator "Jussupow,Artur"]
[PlyCount "81"]
[EventDate "1991.08.??"]
[EventType "match"]
[EventRounds "8"]
[EventCountry "BEL"]
[SourceTitle "Candidates"]
[Source "ChessBase"]
[SourceDate "1999.07.01"]
[SourceVersion "2"]
[SourceVersionDate "1999.07.01"]
[SourceQuality "1"]

1. c4 {Ftacnik} e6 2. Nc3 d5 3. d4 Nf6 4. cxd5 exd5 5. Bg5 Be7 6. e3 O-O 7. Bd3 Nbd7 8. Nge2 Re8 9. O-O Nf8 10. Qc2 c6 11. f3 Nh5 $6 (11... Be6 {Ftacnik} 12. Rae1 Rc8 13. Kh1 N6d7 14. Bxe7 Rxe7 15. Nf4 Rc7 16. Qf2 Nf6 17. e4 dxe4 18. fxe4 $16 {Kasparov,G-Andersson,U/Belfort WCT/1988/ CBM 08}) 12. Bxe7 Qxe7 13. e4 dxe4 14. fxe4 Bg4 (14... Be6 {Ftacnik} 15. Rf2 Nf6 (15... c5 16. Nd5 Bxd5 17. exd5 cxd4 18. Nxd4 $13) 16. h3 Rad8 17. Raf1 Ng6 $1 18. a3 Rf8 19. b4 {Bareev-Ahlander/Naestved op/1988/} b6 $5 $132) 15. e5 $5 $14 {N} (15. Rf2 $5 Qg5 $6 (15... Ne6 $5 16. Raf1 Rf8) 16. Raf1 Re7 17. Bc4 Ne6 18. d5 $16 {Vaiser,A-Mozny,M Clichy open (3) 1991}) ({RR} 15. Nf4 Qd6 16. Nxh5 Qxd4+ 17. Kh1 Bxh5 18. Ne2 Bxe2 19. Qxe2 Rad8 20. Rad1 Ng6 21. e5 Qxe5 22. Qf2 Qe6 23. Bxg6 hxg6 24. Qxa7 Rxd1 25. Rxd1 Qe2 26. Rb1 Qc2 27. Qg1 Re2 28. Rd1 Qxb2 29. Qf1 Qxa2 {Miszler,L (2273)-Dubnevych,M (2293) chess.com INT 2024 1-0 (66)}) 15... Rad8 (15... c5 $2 {Ftacnik} 16. Nd5) 16. Ne4 ({RR} 16. h3 Bxe2 17. Nxe2 g6 18. Bc4 Ne6 19. Rad1 Nhg7 20. Ng3 Kh8 21. Qc3 Qh4 22. Rxf7 Nxd4 23. e6 Ngxe6 24. Bxe6 Rxe6 25. Rxb7 Kg8 26. Kh1 Qf4 27. Rxa7 Re3 28. Qc4+ Kh8 29. Ne2 Rxh3+ 30. gxh3 Qf3+ {Giri,A (2764)-Nihal,S (2670) chess.com INT 2022 ½-½ (34)}) 16... Ng6 (16... Ne6 17. Nd6 Rxd6 (17... Bxe2 18. Bxh7+ $18) 18. exd6 Qxd6 19. Bxh7+ $16) 17. Rad1 $146 {×d4} (17. Nd6 Rxd6 18. exd6 Qxd6 $44) ({RR} 17. Bc4 Be6 18. g4 Bxg4 19. Bxf7+ Kh8 20. Bxe8 Rxe8 21. Nd6 Bxe2 22. Qxe2 Ngf4 23. Qg4 Rf8 24. Rf2 c5 25. Raf1 g5 26. Qxh5 {1-0 (26) Kumaran,D (2425)-Spanton,T London 1993}) ({RR} 17. Bc4 Rf8 18. Nd6 Bxe2 19. Qxe2 Nhf4 20. Qg4 h5 21. Qf5 Rxd6 22. exd6 Qxd6 23. Rad1 b5 24. Bb3 h4 25. Rf2 Nd5 26. Bxd5 cxd5 27. Rc1 Ne7 28. Qf4 Qe6 29. Qxh4 Qe3 30. Qf4 {1-0 (30) Cvitan,O (2535)-Bianco,V (2108) Biel 2014}) 17... Rf8 {×f7} (17... Bxe2 {Ftacnik} 18. Bxe2 Nhf4 19. Bc4 $16) 18. h3 Bxe2 19. Bxe2 Nhf4 20. Bc4 Kh8 $6 (20... Nd5 $142 $5 $14 21. Rf3 Ngf4 $22 22. Rdf1 Ne6 $132) 21. Rf3 f6 $5 (21... Nd5 22. Nd6 Rxd6 23. exd6 Qxd6 24. Re1 $16) 22. exf6 gxf6 23. Ng3 b5 $6 (23... f5 24. Nxf5 $2 (24. Qf2 Qd6 25. Kh1 {f1}) 24... Qg5 $40 25. Bd3 (25. Ng3 Nxh3+) (25. Ne3 Nh4) 25... Nxd3 26. Qxd3 Nf4 $17) (23... Qb4 $5 24. a3 Qa5 {g5}) 24. Bf1 (24. Bb3 $5 $16) 24... c5 $1 25. Qf2 $1 Qc7 $2 (25... Ne6 $142 26. Nf5 Qb7 27. h4 $36) (25... cxd4 $2 {Ftacnik} 26. Rxf4 Nxf4 27. Qxf4 Qe3+ 28. Qf2 $1 $18) 26. Rc1 $1 $18 {×c5} c4 27. b3 Rfe8 28. bxc4 bxc4 29. Rxc4 Qb8 30. h4 $6 (30. Rb3 $5 Qd6 31. Nf5 Qe6 32. Rc5 $18) 30... Nd5 31. Nh5 (31. Nf5 $1 {Ftacnik}) 31... Re4 32. g3 Nxh4 $1 $16 {Gute Miene zum bösen Spiel machen.} (32... Rg8 {Ftacnik} 33. Kh1 Qb7 $132) 33. gxh4 Rg8+ 34. Kh1 Rgg4 $2 $138 (34... Qb1 35. Nf4 $1 (35. Nxf6 $4 Nxf6 36. Rxf6 Qxf1+ $3 37. Qxf1 Rxh4+ $19) (35. Rc5 $2 Ne3 $1 36. Rxe3 Rxh4+ $1 $19) 35... Ne3 36. Rxe3 Rxe3 37. Ng2 $1 Rh3+ 38. Kg1 Qb6 $16) (34... Qb7 $22 {Ftacnik} 35. Bg2 Qb1+ 36. Kh2 Qb8+) 35. Rc5 $1 $18 Rxh4+ 36. Rh3 Rxh3+ 37. Bxh3 Qb1+ 38. Qg1 Qxg1+ (38... Re1 {Ftacnik} 39. Rc8+) 39. Kxg1 Nb6 40. d5 Rh4 41. d6 {41...h3 42.d7+-} (41. d6 {Ftacnik} Rxh3 42. d7 Rd3 43. Rc8+) 1-0

[Event "WchT 2nd"]
[Site "Luzern"]
[Date "1989.??.??"]
[Round "5.1"]
[White "Karpov, Anatoly"]
[Black "Short, Nigel D"]
[Result "1-0"]
[WhiteElo "2755"]
[BlackElo "2660"]
[Annotator "Ftacnik,Lubomir"]
[PlyCount "131"]
[EventDate "1989.10.27"]
[EventType "team-tourn"]
[EventRounds "9"]
[EventCountry "SUI"]
[SourceTitle "CBM 016"]
[Source "ChessBase"]
[SourceDate "1990.06.01"]
[SourceVersion "1"]
[SourceVersionDate "1990.06.01"]
[SourceQuality "1"]
[WhiteTeam "Soviet Union"]
[BlackTeam "England"]
[WhiteTeamCountry "URS"]
[BlackTeamCountry "ENG"]

1. d4 Nf6 2. c4 e6 3. Nc3 d5 4. cxd5 exd5 5. Bg5 Be7 6. e3 c6 7. Bd3 Nbd7 8. Nf3 O-O 9. Qc2 Re8 10. O-O Nf8 11. h3 g6 12. Bh6 Nh5 13. Rab1 Ng7 14. b4 a6 15. Bxg7 (15. a4 Bf5) 15... Kxg7 16. Na4 Bd6 17. Nc5 Qf6 $146 ({RR} 17... Ne6 18. Kh1 Bc7 19. Qc3 Ng5 20. Nxg5 Qxg5 21. e4 Qf4 22. e5 Rxe5 23. dxe5 Bxe5 24. Qxe5+ Qxe5 25. Rfe1 Qd4 {0-1 (25) Braun,A (2235)-Romanov,E (2195) Chalkidiki 2001}) 18. Rfc1 (18. Nd2 Bxh3 19. gxh3 Qg5+ 20. Kh1 Qh5 $10) 18... Ne6 (18... Bxh3 $2 19. Nxb7 $16) 19. Qd1 h6 20. a4 Re7 21. Bf1 Ng5 22. Nxg5 Qxg5 23. Qf3 (23. Kh1 Rxe3 24. fxe3 Qg3 25. Kg1 $10) 23... h5 24. e4 Bg4 25. Qd3 (25. hxg4 $2 hxg4 26. Qd3 Bh2+ $1 27. Kxh2 Rh8+ 28. Kg1 Qh4 $19) 25... dxe4 26. Nxe4 Rxe4 27. Qxe4 Bf5 28. Qf3 Bxb1 29. Rxb1 h4 30. Bc4 Rf8 31. b5 cxb5 32. axb5 a5 (32... axb5 $10) 33. b6 a4 $6 (33... Qf4 $1 $10) 34. Qxb7 Qf4 35. Kf1 Qxd4 36. Qd5 Qf6 37. Rd1 $14 Be5 38. Qc5 a3 39. b7 Qf4 40. Bb3 Qh2 41. Rd7 Bf6 42. Qc7 Qxc7 43. Rxc7 Be5 44. Rc8 g5 45. Ke2 f5 46. Kd3 g4 47. f3 gxh3 48. gxh3 Bf4 49. Kd4 Bd6 50. Kd5 Bg3 51. Kc5 Be5 52. Ba2 Bf4 53. Kb5 Bg3 54. Ka4 Bd6 55. Bc4 Rf6 56. Kb3 Rg6 57. b8=Q Bxb8 58. Rxb8 Rg3 59. Rg8+ Kf6 60. Rxg3 hxg3 61. Bf1 Kg5 62. Bg2 Kf4 63. h4 Ke3 64. h5 Kf2 65. Bh3 Kxf3 (65... g2 66. Bxg2 Kxg2 67. f4 Kg3 68. h6 Kxf4 69. h7 $18) 66. h6 1-0

[Event "Linares 11th"]
[Site "Linares"]
[Date "1993.??.??"]
[Round "1"]
[White "Beliavsky, Alexander G"]
[Black "Ivanchuk, Vassily"]
[Result "1-0"]
[WhiteElo "2610"]
[BlackElo "2710"]
[Annotator "Ftacnik,Lubomir"]
[PlyCount "77"]
[EventDate "1993.02.??"]
[EventType "tourn"]
[EventRounds "13"]
[EventCountry "ESP"]
[EventCategory "18"]
[SourceTitle "CBM 034"]
[Source "ChessBase"]
[SourceDate "1993.06.01"]
[SourceVersion "1"]
[SourceVersionDate "1993.06.01"]
[SourceQuality "1"]

1. d4 {Marin,Mihail} Nf6 2. c4 e6 3. Nf3 d5 4. Nc3 Nbd7 5. cxd5 exd5 6. Bg5 Be7 7. e3 c6 8. Qc2 O-O 9. Bd3 Re8 10. h3 Nf8 11. Bf4 $1 ({RR} 11. O-O Be6 12. Rab1 N6d7) 11... Be6 $6 (11... Ng6 12. Bh2 Bd6 $14) 12. O-O N6d7 $6 ({RR} 12... Bd6 13. Rab1 a5 14. a3 Ng6 15. Bxd6 Qxd6 16. b4 Rec8 17. Rfc1 axb4 18. axb4 Nd7 19. Na4 Ngf8 20. Nc5 Rab8 21. Ra1 b6 22. Nxd7 Bxd7 23. Ne5 Be8 24. Bf5 Rc7 25. Qb3 g6 26. Bg4 h5 27. Be2 {Kuzubov,Y (2613)-Matlakov,M (2670) Samarkand UZB 2023 1-0 (64)}) 13. Rab1 ({RR} 13. Bh2 Nb6 14. Rfc1 Bd6 15. Bxd6 Qxd6 16. Qb3 Qd8 17. a4 a5 18. Ne2 f6 19. Nd2 Bf7 20. Ng3 Ra7 21. Qc3 Bg6 22. Bf1 Qd6 23. Nb3 Rea8 24. Nc5 Nbd7 25. Nxd7 Nxd7 26. h4 Bf7 27. h5 Nb6 {Ilinca,F (2486)-Stojanovic,M (2377) Ayvalik TUR 2026 1-0 (54)}) 13... Nb6 14. b4 $146 ({RR} 14. Rfc1 Bd6 15. Bxd6 Qxd6 16. Na4 Nxa4 17. Qxa4 g6 18. b4 a6 19. Qc2 Nd7 20. a4 Rec8 ({RR} 20... Rac8) 21. Qc3 Qe7 22. Nd2 Qg5 23. f4 ({RR} 23. Kf1 Qf6 24. Kg1) 23... Qg3 ({RR} 23... Qh4 24. Nf3 ({RR} 24. Kh2 Nf6) ({RR} 24. Bf1 Qg3 25. Kh1 Nf6) ({RR} 24. Nf1) 24... Qe7 ({RR} 24... Qg3 25. Qe1 Qxe1+ 26. Rxe1) 25. Kh2 Nf6) 24. Nf1 Qh4 25. Qd2 Nb6 26. a5 ({RR} 26. Ra1 Qe7 27. b5 axb5 28. axb5 Rxa1 29. Rxa1 c5) 26... Nd7 27. Qf2 Qe7 28. g4 f6 {Jacimovic,D (2438)-Boensch,U (2547) Saint Vincent 2005 CBM 110 [Marin,Mihail] ½-½ (42)}) 14... Bd6 15. Bxd6 Qxd6 16. a4 a6 17. Nd2 Re7 18. Nb3 $1 Rc7 (18... Qxb4 19. Nc5 Qa5 20. Qb3 Nc8 21. Nxb7 $16) 19. Nc5 Nbd7 20. f4 f6 21. f5 Bf7 22. Qf2 a5 23. Nxd7 Rxd7 24. bxa5 Rxa5 25. Rb6 Qa3 26. Rfb1 Ra8 (26... Qxc3 $2 27. R6b3 $16) 27. R6b3 Qe7 28. Qf4 Re8 29. Kf2 $1 g5 30. Qf3 h5 31. a5 h4 32. Na4 Qd8 33. Nc5 Rde7 34. Nxb7 Qc7 35. Bf1 $1 Kg7 36. Kg1 Kh6 37. a6 Bh5 38. Qf2 Nd7 39. Rc1 (39. Rc1 Nb6 (39... Nb8 40. Nc5 $18) 40. Na5 $18) 1-0